| 000 | 00425cam a2200181ua 4500 | ||
|---|---|---|---|
| 001 | 4620 | ||
| 008 | 120409n1985 II |||gr||||Z||||||eng | ||
| 040 | _aMAIN | ||
| 041 | _aEnglish | ||
| 082 | _a413 GHO | ||
| 082 | _a330 GHO | ||
| 100 | _aGHODKE, N. B. | ||
| 245 | _aENCYCLOPAEDIC DICTIONARY OF ECONOMICS | ||
| 260 |
_aNEW DELHI _bMITTAL PUBLISHERS _c1985 |
||
| 300 |
_a265: _c18CM. |
||
| 653 | _aDictionaries | ||
| 942 | _cBK | ||
| 999 |
_c4607 _d4607 |
||